Güzel çirkin / (Record no. 200467523)

MARC details
000 -LEADER
fixed length control field 02257cam a2200385 i 4500
001 - CONTROL NUMBER
control field 200467523
003 - CONTROL NUMBER IDENTIFIER
control field TR-AnTOB
005 - DATE AND TIME OF LATEST TRANSACTION
control field 20260317095526.0
007 - PHYSICAL DESCRIPTION FIXED FIELD--GENERAL INFORMATION
fixed length control field ta
008 - FIXED-LENGTH DATA ELEMENTS--GENERAL INFORMATION
fixed length control field 260108s2025 tu a $ 03101 $$$tur031tur u
020 ## - INTERNATIONAL STANDARD BOOK NUMBER
International Standard Book Number 9786256826618
040 ## - CATALOGING SOURCE
Original cataloging agency TR-AnTOB
Language of cataloging eng
Description conventions rda
Transcribing agency TR-AnTOB
041 0# - LANGUAGE CODE
Language code of text/sound track or separate title Türkçe
Language code of original eng
044 ## - COUNTRY OF PUBLISHING/PRODUCING ENTITY CODE
ISO country code tu
050 14 - LIBRARY OF CONGRESS CALL NUMBER
Classification number PR6106.E34427
Item number B4319 2025
090 00 - LOCALLY ASSIGNED LC-TYPE CALL NUMBER (OCLC); LOCAL CALL NUMBER (RLIN)
Classification number (OCLC) (R) ; Classification number, CALL (RLIN) (NR) PR6106.E34427
Local cutter number (OCLC) ; Book number/undivided call number, CALL (RLIN) B4319 2025
100 1# - MAIN ENTRY--PERSONAL NAME
Personal name Feeney, Alice
9 (RLIN) 152975
Relator term author
240 10 - UNIFORM TITLE
Uniform title Beautiful ugly.
Language of a work Turkish.
245 10 - TITLE STATEMENT
Title Güzel çirkin /
Statement of responsibility, etc. Alice Feeney ; çeviren Kemal Tokgöz
250 ## - EDITION STATEMENT
Edition statement 2. baskı Aralık 2025
264 #1 - PRODUCTION, PUBLICATION, DISTRIBUTION, MANUFACTURE, AND COPYRIGHT NOTICE
Place of production, publication, distribution, manufacture İstanbul :
Name of producer, publisher, distributor, manufacturer Yabancı Yayınları,
Date of production, publication, distribution, manufacture, or copyright notice 2025.
300 ## - PHYSICAL DESCRIPTION
Extent 312 pages :
Other physical details map ;
Dimensions 21 cm
336 ## - CONTENT TYPE
Content type term text
Content type code txt
Source rdacontent
337 ## - MEDIA TYPE
Media type term unmediated
Media type code n
Source rdamedia
338 ## - CARRIER TYPE
Carrier type term volume
Carrier type code nc
Source rdacarrier
490 0# - SERIES STATEMENT
Series statement Yabancı Yayınları ;
Volume/sequential designation 546
500 ## - GENERAL NOTE
General note Ön kapak: "Taş Kağıt Makas’ın Çok Satan Yazarından."
General note Arka kapak: "EVLİLİK VE İNTİKAM ÜZERİNE KARANLIK BİR HİKÂYE…
General note Yazar Grady Green, eşi Abby’nin arabasını uçurumun kena­rında bulduğunda farları hâlâ yanıyordu, sürücü kapısı açıktı ve Abby’nin telefonu içerideydi. Ama ondan hiçbir iz yoktu. Abby’nin ortadan kaybolmasının üzerinden bir yıl geçmişti. Grady, eşine ne olduğunu öğrenmek için umutsuzca çabala­mış ama tüm çabaları sonuçsuz kalmıştı. Hâlâ keder içinde eşinin yasını tutmaktan başka yapacak hiçbir şeyi yoktu. Ancak bir an önce yazarlığa geri dönmesi gerekiyordu. Böylece Grady, küçük bir İskoç adasında inzivaya çekilip yeni kitabını yazmaya karar verdi. Amacı şehirdeki tüm karmaşadan uzakta kalıp bu izole adada biraz huzur bulmaktı. Ancak adaya giden feribotta Abby’ye çok benzeyen bir kadını gördüğünde bu adanın düşündüğün­den çok daha farklı bir yer olduğunu anlayacaktı. Grady, hayalle gerçek arasında sıkışıp kaldığı, karanlık sırlarla dolu bir dünyaya adım atmıştı. Ve artık her şey için çok geçti."
650 #7 - SUBJECT ADDED ENTRY--TOPICAL TERM
Topical term or geographic name entry element İngiliz romanı
Source of heading or term etuturkob
9 (RLIN) 6057
700 1# - ADDED ENTRY--PERSONAL NAME
Personal name Tokgöz, Kemal
Relator term translator
9 (RLIN) 152976
902 ## - LOCAL DATA ELEMENT B, LDB (RLIN)
a 060659
942 ## - ADDED ENTRY ELEMENTS (KOHA)
Source of classification or shelving scheme Library of Congress Classification
Koha item type Book
Holdings
Withdrawn status Lost status Source of classification or shelving scheme Damaged status Not for loan Collection code Home library Current library Shelving location Date acquired Source of acquisition Cost, normal purchase price Inventory number Full call number Barcode Date last seen Cost, replacement price Date shelved Koha item type
    Library of Congress Classification Yeni / New Ödünç Verilebilir / Available Genel Koleksiyon Merkez Kütüphane Merkez Kütüphane Genel Koleksiyon / Main Collection 11/03/2026 Satın Alma / Purchase 240.00 İDE PR6106.E34427 B4319 2025 0074708 11/03/2026 0.00 11/03/2026 Book
Devinim Yazılım Eğitim Danışmanlık tarafından Koha'nın orjinal sürümü uyarlanarak geliştirilip kurulmuştur.